The unwanted enigma: reservation of title in the construction industry (Record no. 66374)
[ view plain ]
| 000 -LEADER | |
|---|---|
| fixed length control field | 00962cam a2200217 4500 |
| 001 - CONTROL NUMBER | |
| control field | ABS63650 |
| 008 - FIXED-LENGTH DATA ELEMENTS--GENERAL INFORMATION | |
| fixed length control field | 000000n2001 000 0 eng u |
| 035 ## - SYSTEM CONTROL NUMBER | |
| System control number | (Sirsi) u111404 |
| 100 ## - MAIN ENTRY--PERSONAL NAME | |
| Personal name | Ward, N. |
| 245 #4 - TITLE STATEMENT | |
| Title | The unwanted enigma: reservation of title in the construction industry |
| 260 ## - PUBLICATION, DISTRIBUTION, ETC. | |
| Date of publication, distribution, etc. | 2001 |
| 490 ## - SERIES STATEMENT | |
| Series statement | International Construction Law Review |
| Volume/sequential designation | 18(1) January 2001, 147-177(31) |
| 520 ## - SUMMARY, ETC. | |
| Summary, etc. | An indepth examination of the difficulties involved in risk-allocation where ownership of materials on a construction site is uncertain, specifically in situations where the general contractor falls insolvent in the intervening period between receiving monies from the client and paying the supplier. TAKEN FROM JOURNAL ABSTRACT |
| 590 ## - LOCAL NOTE (RLIN) | |
| Local note | ABS |
| 650 ## - SUBJECT ADDED ENTRY--TOPICAL TERM | |
| Topical term or geographic name entry element | RISK ALLOCATION |
| 650 ## - SUBJECT ADDED ENTRY--TOPICAL TERM | |
| Topical term or geographic name entry element | OWNERSHIP |
| 650 ## - SUBJECT ADDED ENTRY--TOPICAL TERM | |
| Topical term or geographic name entry element | BUILT ENVIRONMENT-BUILDING MATERIALS |
| 650 ## - SUBJECT ADDED ENTRY--TOPICAL TERM | |
| Topical term or geographic name entry element | Insolvency |
| 9 (RLIN) | 6247 |
| 690 ## - LOCAL SUBJECT ADDED ENTRY--TOPICAL TERM (OCLC, RLIN) | |
| Topical term or geographic name as entry element | BUILT ENVIRONMENT-BUILDING MATERIALS |
| 942 ## - ADDED ENTRY ELEMENTS (KOHA) | |
| Suppress in OPAC | 0 |
| Withdrawn status | Lost status | Source of classification or shelving scheme | Damaged status | Not for loan | Home library | Current library | Shelving location | Date acquired | Total Checkouts | Full call number | Barcode | Date last seen | Copy number | Price effective from | Koha item type |
|---|---|---|---|---|---|---|---|---|---|---|---|---|---|---|---|
| Dewey Decimal Classification | London | London | Journal article | 13/03/2001 | ABS63650 | 111404-1001 | 06/08/2019 | 1 | 06/08/2019 | Journal article |